The West in the world / (Record no. 11319)

MARC details
000 -LEADER
fixed length control field 01205cam a22003374a 4500
001 - CONTROL NUMBER
control field 16441166
003 - CONTROL NUMBER IDENTIFIER
control field mut
005 - DATE AND TIME OF LATEST TRANSACTION
control field 20240606081155.0
008 - FIXED-LENGTH DATA ELEMENTS--GENERAL INFORMATION
fixed length control field 100831s2011 nyu b 001 0 eng
010 ## - LIBRARY OF CONGRESS CONTROL NUMBER
LC control number 2010037319
020 ## - INTERNATIONAL STANDARD BOOK NUMBER
International Standard Book Number 9780077367596 (v. 1 : alk. paper)
020 ## - INTERNATIONAL STANDARD BOOK NUMBER
International Standard Book Number 0077583531
020 ## - INTERNATIONAL STANDARD BOOK NUMBER
International Standard Book Number 9780077583538
035 ## - SYSTEM CONTROL NUMBER
System control number (OCoLC)ocn496956182
040 ## - CATALOGING SOURCE
Original cataloging agency DLC
Transcribing agency DLC
Modifying agency BTCTA
-- CDX
-- DLC
042 ## - AUTHENTICATION CODE
Authentication code pcc
050 00 - LIBRARY OF CONGRESS CALL NUMBER
Classification number CB245
Item number .S465 2011
082 00 - DEWEY DECIMAL CLASSIFICATION NUMBER
Classification number 909/.09821
Edition information 22
100 1# - MAIN ENTRY--PERSONAL NAME
Personal name Sherman, Dennis.
245 14 - TITLE STATEMENT
Title The West in the world /
250 ## - EDITION STATEMENT
Edition statement 4th ed.John Tyler Community College,
260 ## - PUBLICATION, DISTRIBUTION, ETC.
Place of publication, distribution, etc. New York, NY :
Name of publisher, distributor, etc. McGraw-Hill,Learning Solutions,
Date of publication, distribution, etc. c2011.
300 ## - PHYSICAL DESCRIPTION
Extent 3 v. ;
Dimensions 28 cm.
504 ## - BIBLIOGRAPHY, ETC. NOTE
Bibliography, etc. note Includes bibliographical references and index.
505 0# - FORMATTED CONTENTS NOTE
Formatted contents note v. 1. To 1715 -- v. 2. From 1600 -- v. 3. Renaissance to present.
650 #0 - SUBJECT ADDED ENTRY--TOPICAL TERM
Topical term or geographic name entry element Civilization, Western
General subdivision History
Form subdivision Textbooks.
700 1# - ADDED ENTRY--PERSONAL NAME
Personal name Salisbury, Joyce E.
906 ## - LOCAL DATA ELEMENT F, LDF (RLIN)
a 7
b cbc
c orignew
d 1
e ecip
f 20
g y-gencatlg
942 ## - ADDED ENTRY ELEMENTS (KOHA)
Source of classification or shelving scheme Library of Congress Classification
Koha item type Books
Holdings
Withdrawn status Lost status Source of classification or shelving scheme Damaged status Not for loan Home library Current library Date acquired Source of acquisition Total checkouts Full call number Barcode Date last seen Price effective from Koha item type
    Library of Congress Classification     Murang'a University of Technology Library Murang'a University of Technology Library 26/07/2017 Donation-BFA   CB245 .S465 2011 010617 30/08/2024 26/07/2017 Books